| 000 | 00677nam a2200217Ia 4500 | ||
|---|---|---|---|
| 003 | GCL | ||
| 005 | 20240530110904.0 | ||
| 008 | 140319s9999 xx 000 0 ara d | ||
| 040 |
_aGCL / _cGCL |
||
| 082 | 0 | 4 |
_a320.5 _bم ا |
| 100 | 1 | _aمكيافللى، نيقولو | |
| 245 | 1 | 0 |
_aالامير/ _cمكيافللى، نيقولو |
| 250 | _aالثالثة والعشرون | ||
| 260 |
_aبيروت : _bمنشورات دار الافاق الجديدة ، _c1999 |
||
| 300 |
_a391 ص ؛ _c24 سم |
||
| 650 | 0 | 4 | _aالمبادئ السياسية |
| 650 | 0 | 4 | _aالسياسة |
| 650 | 0 | 4 | _aالملكية |
| 650 | 0 | 4 | _aالسياسة - نظريات |
| 942 |
_2ddc _cBK |
||
| 999 |
_c66175 _d66175 |
||